000 00725nam a2200265Ia 4500
003 OSt
005 20220918220047.0
006 a|||||r|||| 00| 0
007 ta
008 220917b |||||||| |||| 00| 0 eng d
024 _a144,219
037 _cTextual
040 _aARTS
_cARTS
_beng
041 _2eng
_aeng
082 _aY17:G:6, L3;L9
100 _aWilliams B J
_9136316
245 0 _aEvolution and human origins
_b An introduction to physical anthropology
250 _a2nd
260 _aNew York
_bHarper and Row
_c1979
300 _avi, 271p.
_ccm.
500 _aGlossary p255-262
650 _aSOCIOLOGY
942 _hY17:G:6, L3;L9
_cTEXL
_2CC
999 _c267133
_d267133